Pripravenosť slovenských priemyselných podnikov na spoločný trh Európskej únie

Salvato in:
Dettagli Bibliografici
Autore principale: Majtán, Miroslav
Natura: Capitolo di libro
Lingua:slovacco
Tags: Aggiungi Tag
Nessun Tag, puoi essere il primo ad aggiungerne!!

MARC

LEADER 00000naa$a2200000$$$4500
001 0106320
005 20240502083251.6
041 0 |a slo 
044 |a CZ 
245 1 0 |a Pripravenosť slovenských priemyselných podnikov na spoločný trh Európskej únie  |c Miroslav Majtán 
100 1 |a Majtán, Miroslav